01263nas a2200265Ia 4500001001100000003000900011008004100020040001300061040001300074041001300087100004500100210001200145222001200157245012800169250001100297260002200308501008600330300001800416362003000434500024900464650004300713942000700756999001900763952021500782R142/77677IT-RoPAU151124c99999999xx |||||||||||| ||und|| aIT-RoPAU cIT-RoPAU aFRANCESE aChapman RobertgCodice Aut. SPICS: 46026 aRESEAUX aReseaux aRESEAUX, N.052 (MARZO/APRILE 1992)bRadios Pirates Des Annees 60 (Les): Radio London Et Radio Caroline, Analyse Comparative a1a ed. aPARISbCNETc1992 bPaulus - SPICS - Società San Paolo EM (non-commercial uses only)cCopyright2015 a16 p. [57-72] aN.052 (MARZO/APRILE 1992) aRadio Pirata degli Anni 60: Analisi Comparativa di Radio London e Radio Caroline. Articolo Comparso in Inglese nel 1990 Sulla Rivista di Radiofonia Popular Music. Programma di Alcune Prime Trasmissioni di Radio Caroline. Stile e Funzionamento. aCOMUNICAZIONEvPUBBLICAZIONE PERIODICA cCR c191938d191938 0010406R_142_77677000000000071aSPICSbSPICSd2015-11-25l0oR142/77677r2015-11-25 00:00:00w2015-11-25yCRzProgr. Ins: 61253 / Copia rara: NO / date import: 25.11.2015 / By Epidotti, Trombetti, Vaglietti